000
00250nam a22000977a 4500
008
240220b |||||||| |||| 00| 0 eng d
082
_a
DG EUR
_b
BLAP
100
1
0
_a
Blanck, Ulf
_e
autor
_9
43455
245
_a
Piratas en la playa /
_c
Ulf Blanck
942
_2
ddc
999
_c
30640
_d
17024